000 00515nam a2200205Ia 4500
008 210210b2015 xxu||||| |||| 00| 0 eng d
020 _a9781444722208
041 _aeng
082 _a158.12 PUDM
100 _aPUDDICOMBE (Andy)
245 _aHeadspace guide to mindfulness and meditation
260 _aUK
_bHodder & Atoughton.,
_c2015
300 _avii,260
650 _amindfulness
650 _ameditation
650 _aHeadspace
650 _aguide
690 _aApplied Psychology
906 _a074069
999 _c123832
_d123832